000 00871nas a2200277 4500
001 BR2015005910
003 BR-BrBNA
005 20231205125822.0
007 ta
008 230509b bl.|||p| |||| 00| 00por d
040 _aBR-BrBNA
_bpor
_cBiblioteca Nacional de Agricultura
041 _a(Pt)
072 _aL01
100 1 _aPaz, G.F.
100 1 _aReis, I.A.
245 1 _aManejo e bem-estar de cães urbanos: estudo descritivo no município de Belo Horizonte, Minas Gerais, Brasil
650 _aSAUDE PUBLICA
650 _aCAO
650 _aCANIS FAMILIARIS
650 _aCRIACAO
650 _aANIMAL DOMESTICO
650 _aMINAS GERAIS
773 0 _tVZ em Minas. Revista Veterinária e Zootecnia em Minas (Brazil)
_xISSN 2179-9482
_g(Apr-Jun 2015), no. 125 p. 40-44
_wBR2015005910
909 _a202311
_bLúcia
_c55
_dLúcia Elande
942 _2AGRIS
_n0
_cANA
999 _c246320
_d246320